000 00272pab a2200109 454500
008 180718b xxu||||| |||| 00| 0 eng d
100 _aPasanski, Milan
245 _aThe globalization of terrorism
650 _aTerrorism
773 _aReview of International Affairs
909 _a468
999 _c468
_d468